000 00438nam a22001937a 4500
003 LK-CoDNM
005 20250120104714.0
008 241220b |||||||| |||| 00| 0 eng d
040 _aLK-CoDNM
_dLK-CoDNM
_eLK-CoDNM
041 _aeng
080 _a11
_bW1
100 _aYields,Higer
245 _apotash
260 _c1898
_aLONDON
300 _a400P. : ill ; 24 cm
650 _ascience
700 _aGADOW,HANS
942 _cBK
999 _c236914
_d236914